LIBRARY ONLINE CATALOGUE

The Handbook of Tanganyika / (Record no. 12656)

MARC details
000 -LEADER
fixed length control field 00551nam a22001932 4500
001 - CONTROL NUMBER
control field 0000001879
005 - DATE AND TIME OF LATEST TRANSACTION
control field 20151217155813.0
008 - FIXED-LENGTH DATA ELEMENTS--GENERAL INFORMATION
fixed length control field 070328s xx 000 0 eng d
040 ## - CATALOGING SOURCE
Original cataloging agency KABU
Transcribing agency KABU
050 #0 - LIBRARY OF CONGRESS CALL NUMBER
Classification number DT438
Item number .H36
245 14 - TITLE STATEMENT
Title The Handbook of Tanganyika /
Statement of responsibility, etc. general editor, Gerald F. Sayers.
260 ## - PUBLICATION, DISTRIBUTION, ETC. (IMPRINT)
Place of publication, distribution, etc. London :
Name of publisher, distributor, etc. Macmillan,
Date of publication, distribution, etc. 1930.
300 ## - PHYSICAL DESCRIPTION
Extent x, 636 p.
651 #0 - SUBJECT ADDED ENTRY--GEOGRAPHIC NAME
Geographic name Tanzania.
-- 0000064630
700 1# - ADDED ENTRY--PERSONAL NAME
Personal name Sayers, Gerald F.
-- 0000150948
908 ## - PUT COMMAND PARAMETER (RLIN)
Put command parameter 070328
950 ## - LOCAL HOLDINGS (RLIN)
-- 1
Holdings
Withdrawn status Lost status Source of classification or shelving scheme Not for loan Home library Current library Date acquired Total Checkouts Full call number Barcode Date last seen Price effective from Koha item type
    Library of Congress Classification   Kabarak, Main Campus Kabarak, Main Campus 17/12/2015   DT438 .H36 001775 17/12/2015 17/12/2015 Africana Collection